| 000 | 01813nam0a2200349 i 4500 | ||
|---|---|---|---|
| 001 | RU\NLR\BIBL_A\010967386 | ||
| 005 | 20240921173409.0 | ||
| 010 |
_a9785446822232 _91500 |
||
| 021 |
_aRU _b2016-1426 _989 |
||
| 035 | _a(NILC)RuMoRGB-008117430 | ||
| 035 | _a(NLR Aleph) 010967386 | ||
| 090 |
_a10805481 _c10805481 |
||
| 100 | _a20160201d2015 u y0rusy50 ca | ||
| 101 | 0 | _arus | |
| 102 | _aRU | ||
| 105 | _aac||z|||000yy | ||
| 200 | 1 |
_aМировая художественная культура _eучебное пособие для использования в учебном процессе образовательных учреждений, реализующих программы среднего (полного) общего образования в организациях среднего профессионального образования _fЛ.Г. Емохонова |
|
| 205 | _a11-е изд., стер. | ||
| 210 |
_aМосква _cАкадемия _d2015 |
||
| 215 |
_a543, [1] с., [12] л. цв. ил. _cил., портр., факс. _d24 |
||
| 320 | _aБиблиогр.: с. 542 | ||
| 606 | 1 |
_aИскусство _jУчебные издания для среднего профессионального образования _xИстория _91196083 _3RU\NLR\AUTH\66483478 |
|
| 606 | 1 |
_aМировая литература _jУчебные издания для среднего профессионального образования _91642914 _3RU\NLR\AUTH\66726713 |
|
| 675 | _a008(100)(075.32) | ||
| 686 | 1 | _aЩ03(0)я7 | |
| 686 | 1 | _aШ5(0)я7 | |
| 700 | 1 |
_aЕмохонова _bЛ. Г. _gЛюбовь Георгиевна |
|
| 801 | 0 |
_aRU _bРГБ _c20160119 _gRCR |
|
| 942 | _cBOOK | ||
| 980 | _aNBR | ||